Даты истории России IX-XIX веков - Statistics

General Stats
  • This quiz has been taken 71 times
    57 since last reset
  • The average score is 13 of 50
Answer Stats
Событие Год % Correct
2-я битва на Альте 1068
100%
Первое упоминание Москвы 1147
100%
Невская битва 1240
100%
Правление Симеона Ивановича вМоскве 1340-1353
100%
Поход Тохтамыша на Москву 1382
100%
Венчание на царство Ивана IV 1547
100%
Правление Екатерины I 1725-1727
100%
Правление Анны Иоанновны 1730-1740
100%
Взятие Азовы при Анне Иоанновне 1737
100%
Русско-турецкая война, окончившаясяАдрианопольским миром 1828-1829
100%
Правление Александра II 1855-1881
100%
Судебная реформа Александра II 1864
100%
Нота Горчакова 1870
100%
Крещение Ольги 955
100%
Крещение Руси 988
100%
Взятие Парижа 1814
86%
Падение Бирона 1740
83%
Крымская война 1853-1856
83%
Битва на Калке 1223
80%
Куликовская битва 1380
80%
Вторжение Лжедмитрия I в пределыМосковии 1604
80%
Петербургский мир при ПравленииПетра III 1762
80%
2-й раздел Речи Посполитой 1793
80%
Крестьянская реформа Александра II 1861
80%
Указ о престолонаследии Петра I 1722
75%
Основание Московского университета 1755
75%
1-й раздел Речи Посполитой 1772
75%
Правление Павла Петровича 1796-1801
75%
Судебник Ивана III 1497
71%
Жалованная грамота городам и дворянству 1785
71%
Битва под Лейпцигом 1813
71%
Ледовое побоище 1242
67%
Денежная реформы Елены Глинской 1535
67%
Принятие Уложения о службе приИване IV 1556
67%
Соляной бунт 1648
67%
2-й Азовский поход Петра I 1696
67%
Воинский устав 1716
67%
Смерть царевича Алексея Петровича 1718
67%
Правление Екатерины II 1762-1796
67%
Бородинское сражение 1812
67%
Открытие первой в России железнойдороги 1837
67%
Судебник Ивана IV 1550
63%
Правление Ивана VI 1740-1741
63%
Взятие Батыем Рязани 1237
60%
Поездка Ивана III в Новгород 1475
60%
Осада Москвы И.Болотниковым 1606
60%
Переяславская рада 1654
60%
Медный бунт 1662
60%
1-й Азовский поход Петра I 1695
60%
Полтавская битва 1709
60%
Указ о единонаследии 1714
60%
Министерская реформа 1802
60%
Указ о вольных хлебопашцах 1803
60%
Битва при Аустерлице 1805
60%
Образование северного обществадекабристов 1822
60%
Земская реформа Александра II 1864
60%
Создание организации Освобождения труда 1883
60%
Принятие Соборного уложения 1649
57%
Великое посольство 1697-1698
57%
1-е Правление Изяслава Ярославичав Киеве 1054-1073
50%
Битва на Сити 1238
50%
Взятие Батыем Киева 1240
50%
Присоединение Можайска к Москве 1303
50%
Регентство Елены Глинской 1533-1538
50%
Первый Земский собор 1549
50%
Взятие Казани 1552
50%
Начало Ливонской войны 1558
50%
Битва при Молодях 1572
50%
Правление Федора Иоанновича 1584-1598
50%
Московское восстание противЛжедмитрия I 1606
50%
Правление Василия Шуйского 1606-1610
50%
Образование 2-ого ополчения 1612
50%
Кардисский мир 1661
50%
Введение рекрутского набора 1705
50%
Ништадский мир 1721
50%
Правление Петра II 1727-1730
50%
Создание Кабинета министров при Анне Иоанновне 1731
50%
Рейд русских войск на Берлин в ходеСемилетней войны 1760
50%
Правление Петра III 1761-1762
50%
Георгиевский трактат 1783
50%
Присоединение Крыма к России 1783
50%
Арест А.Н. Радищева 1790
50%
3-й раздел Речи Посполитой 1795
50%
Университетский, цензурный уставАлександра I 1804
50%
Тильзитский мир 1807
50%
Венский конгресс 1814-1815
50%
Существование союза благоденствия 1818-1821
50%
Чугунный устав 1826
50%
Синопское сражение 1853
50%
Продажа Аляски 1867
50%
Военная реформа Александра II 1874
50%
Правление Александра III 1881-1894
50%
Правление Рюрика 862-879
50%
Второй поход Олега на Царьград 911
50%
Правление Святослава Игоревича в Киеве 964-972
50%
Битва на Шелони, Коростынский мир 1471
44%
Правление Василия Ивановича в Москве 1505-1533
44%
Правление Лжедмитрия I 1605-1606
43%
Прутский поход 1711
43%
Правление Елизаветы Петровны 1741-1761
43%
Русско-персидская война, окончившаяся Туркманчайским миром 1826-1828
43%
Русско-французский союз при Александре III 1891
43%
Правление Ольги в Киеве 945-964
43%
Правление Мстислава Владимировичав Киеве 1125-1132
40%
Ореховецкий мир 1323
40%
Правление Василия Дмитриевича вМоскве 1389-1425
40%
Взятие Астрахани 1556
40%
Новгородский погром 1569
40%
Смерть царевича Дмитрия в Угличе 1591
40%
Правление Бориса Годунова 1598-1605
40%
Клушинская битва 1610
40%
Образование 1-ого ополчения 1611
40%
Правление Михаила Федоровича 1613-1645
40%
Битва под Симбирском во времявосстания Разина 1670
40%
Городская реформа Петра I 1699
40%
Учреждение Сената 1711
40%
Возвращение двора из Москвы в Петербург при Анне Иоанновне 1732
40%
Манифест о даровании вольности дворянской 1762
40%
Открытие Царскосельского лицея 1811
40%
Битва под Ватерлоо 1815
40%
Образование южного общества декабриство 1821
40%
Реформа высшего образования Александра II 1863
40%
Университетский устав Александра III 1884
40%
Заключение Игорем договора сВизантией 944
40%
Правление Владимира Святославичав Киеве 980-1015
40%
Восстание Богдана Хмельницкого 1648
38%
Хлебный бунт 1650
38%
Русско-английский торговый договорпри Анне Иоанновне 1734
38%
Правление Ярослава Владимировичав Киеве 1019-1054
33%
Правление Всеволода Юрьевича во Владимире 1176-1212
33%
Правление Александра Ярославичаво Владимире 1252-1263
33%
Осада Твери Дмитрием Донским 1375
33%
Правление Василия Васильевича в Москве 1425-1462
33%
Присоединение Твери к Москве 1485
33%
Присоединение Пскова к Москве 1510
33%
Убийство царевича Ивана Ивановича 1581
33%
Восстановление Юрьева дня БорисомГодунов 1601
33%
Русско-польская война при АлексееМихайловиче 1654-1667
33%
Отмена местничества 1682
33%
Правление Петра I 1689-1725
33%
Взятие Нарвы и Дерпта Петром I 1704
33%
Битва при Гангуте 1714
33%
Табель о рангах 1722
33%
Персидский поход 1722-1723
33%
Основание Академии художеств 1757
33%
Поездка Екатерины II в Поволжье 1767
33%
Война, кончившаяся Ясским миром 1787-1791
33%
Правление Александра I 1801-1825
33%
Создание Государсвенного совета 1810
33%
Правление Николая I 1825-1855
33%
Первое польское восстание 1830-1831
33%
Падение Севастополя 1855
33%
Пекинский договор 1860
33%
Подписание союза трех императоров 1873
33%
Предотвращенное покушение на Александра III 1887
33%
Начало строительства транссибирскойжелезной дороги 1891
33%
Городовой ценз при Александре III 1892
33%
Правление Игоря Рюриковича в Киеве 912-945
33%
Поход Игоря на Царьград 941
33%
Поход Святослава Игоревича наХазарию 965
33%
Оборона Киева от печенегов приСвятославе Игоревича 968
33%
Битва под Овручем, убийство ОлегаСвятославича 977
33%
Восстание Разина 1670-1671
30%
1-я битва на Альте 1019
29%
Антиордынское восстание в Новгородепри Александре Невском 1257
29%
Сибирский поход Ермака 1581-1585
29%
Мятеж под Кромами 1605
29%
Договор о возведении Владислава IVна русский престол 1610
29%
Деулинское перемирие 1618
29%
Правление Федора Алексеевича 1676-1682
29%
Нерчинский договор 1689
29%
Нарвская конфузия 1700
29%
Взятие Нотебурга 1702
29%
Духовный регламент, учреждениеСинода 1721
29%
Осада Измаила в конце XVIII века 1790
29%
Битва при Прейсиш-Эйлау 1807
29%
Избрание Никона патриархом, начало церковных реформ 1652
27%
1-й Крымский поход В.В.Голицына 1687
27%
Битва на Стугне 1093
25%
Съезд в Уветичах 1100
25%
1-я Липицкая битва 1176
25%
Правление Юрия Всеволодовича во Владимире 1218-1238
25%
Неврюева рать 1252
25%
Бортневская битва 1317
25%
Покупка Московским князем ярлыкана Нижегородское княжение 1392
25%
2-е стояние на Угре 1480
25%
Русско-литовская война, кончившаясяБлаговещенским перемирием 1500-1503
25%
Битва под Оршей 1514
25%
Присоединение Рязани к Москве 1521
25%
Стрелецкая реформа Ивана IV 1550
25%
Окончательный роспуск Избранной Рады 1560
25%
Оборона Пскова Стефаном Баторием 1581-1582
25%
Смоленская война 1632-1634
25%
Новоторговый устав 1667
25%
Вечный мир с Польшей 1686
25%
Открытие Славяно-греко-латинскойакадемии 1687
25%
Битва при Лесной 1708
25%
Взятие Риги, Выборга и Ревеля 1710
25%
Учреждение фискалитета 1711
25%
Рештский договор 1732
25%
Битва при Кунесдорфе 1759
25%
Ликвидация тайной канцелярии 1762
25%
Осада Очакова в конце XVIII века 1788
25%
Реформа государственной деревни 1837-1841
25%
Финансовая реформа Александра II 1862
25%
Польское восстание при АлександреII 1863-1864
25%
Цензурная реформа Александра II 1865
25%
Русско-турецкая война, окончившаясяСан-Стефанским договором 1877-1878
25%
Циркуляр "О кухаркиных детях" 1887
25%
Положение о земских участковыхначальниках 1889
25%
Объединение Киева и Новгорода 882
25%
Стоглавый собор 1551
22%
Берг-привилегия 1719
22%
Открытие Академии наук 1725
22%
Разрыв кондиций, отмена Верховноготайного совета 1730
22%
Оборона Киева от печенегов приЯрославе Владимировича 1036
20%
Правление Владимира ВсеволодовичаВ Киеве 1113-1125
20%
Взятие Батыем Владимира 1238
20%
Поездка Ярослава Всеволодовичаза Ярлыком 1243
20%
Присоединение Переяслав-Залесскогокняжества к Москве 1302
20%
Битва на Синих водах 1362
20%
Западный поход Тамерлана 1395
20%
Ослепление Василия II 1446
20%
Правление Ивана Васильевича III в Москве 1462-1505
20%
Битва на Ведроши 1500
20%
Правление Ивана IV Грозного 1533-1584
20%
Взятие Полоцка в ходе Ливонской войне 1563
20%
Плюсский перемирие 1583
20%
Введение патриаршества 1589
20%
Русско-шведская война, окончившаясяТявзинским миром 1590-1595
20%
Сожжение протопопа Аввакума 1682
20%
2-я губернская реформа Петра I 1719
20%
Создание прокуратуры 1722
20%
Падение Меншикова 1727
20%
Указ о секуляризации церковныхземель 1762
20%
Реформа Сената при Екатерине II 1763-1764
20%
Чесменский бой 1770
20%
Битва на Ларге, при Кагуле 1770
20%
Восстание Пугачева 1773-1775
20%
Расформирование Запорожской Сечи Екатериной II 1775
20%
Указ о свободе предпринимательстваЕкатерины II 1775
20%
Весна народов 1848
20%
Венгерский поход Паскевича 1849
20%
Поход Святослава Игоревича на Византию 970-971
20%
Лондонская конференция при Александре II 1871
18%
Избрание Илариона в митрополиты 1051
17%
Любечский съезд 1097
17%
Битва на Сальнице 1111
17%
Получение Юрием Даниловичемярлыка на Великое княжение 1319
17%
Правление Дмитрия Ивановича вМоскве 1359-1389
17%
Ям-Запольский мир 1582
17%
Столбовский мир 1617
17%
Осада Смоленска во время МихаилаФедоровича 1632-1633
17%
Принятия войска Запорожского в русское подданство Земским собором 1653
17%
Регентство царевны Софьи 1682-1689
17%
2-й Крымский поход В.В.Голицына 1689
17%
Башкирское восстание при Петре I 1704-1711
17%
Создание шляхетских корпусов 1731
17%
Битва при Грос-Егенсдорфе 1757
17%
Создание Вольного экономического общества 1765
17%
Создание государственного ассигнационного банка 1768
17%
Войска, кончившаяся Верельским миром 1788-1790
17%
Указ об обязанных крестьянах 1842
17%
Открытие Николаевской железнойдороги 1851
17%
Битва на Альме 1854
17%
Договор о перестраховке с Германией 1887
17%
Поход Владимира Святославича наВолжскую Булгарию 985
17%
Битва при Листвине 1024
14%
Правление Святополка Изяславича в Киеве 1093-1113
14%
Антиордынское восстание в Твери, Федорчукова рать 1327
14%
Избрание Ионы митрополитом,автокефалия русской церкви 1448
14%
Успешный поход Девлет-Гирея на Москву 1571
14%
Восстание Хлопка 1601-1603
14%
Осада Ивана Болотникова в Туле 1607
14%
Осада Смоленска поляками во времяСмуты 1609-1611
14%
Восстание Уса 1666
14%
Генеральный регламент 1720
14%
Учреждение Верховного тайногоСовета 1726
14%
Осада Данцига при Анне Иоанновне 1734
14%
Указ о ссылке крестьян в Сибирь 1760
14%
Указ о запрете жаловаться на помещиков крестьянам 1767
14%
Битва при Рымнике, при Фокшанах 1789
14%
Восстание Костюшко 1794
14%
Существование союза спасения 1816-1817
14%
Сражение на Черной речке 1855
14%
Взятие Плевны при Александре II 1877
14%
Поход Ярослава Владимировича наЦарьград 1043
13%
Новгородское восстание 1136
13%
Дюденева рать 1293
13%
Присоединение Коломны к Москве 1301
13%
Осада Калуги царскими войсками при Василии Шуйском 1607
13%
Взятие Гельсингфорса, Або, Штеттина 1713
13%
Русско-турецкая война, кончившаясяБелградским миром 1735-1739
13%
Правление Ивана Ивановича в Москве 1353-1359
11%
Присоединение Великой Перми кМоскве 1472
11%
Существование Тушинского лагеря 1608-1610
11%
Заключение гетманом И.Выговскиммира с Польшей 1657
11%
Астраханское восстание при Петре I 1705-1706
11%
Наваринкое сражение 1827
11%
Таможенный тариф И.А.Вышнеградского 1891
11%
Правление Юрия Владимировича вСеверо-восточной Руси 1125-1157
10%
Большой Московский собор, объявивший раскольников еретиками 1656
10%
Бой в устье Невы 1703
10%
Битва при Гренгаме 1720
10%
Польский поход ЯрославаВладимировича 1030-1031
0%
Основание Киево-Печерскогомонастыря 1051
0%
Принятие Правды Ярославичей 1072
0%
Правление Святослава Ярославича в Киеве 1073-1076
0%
Битва на Нежатиной Ниве 1078
0%
Правление Всеволода Ярославичав Киеве 1078-1093
0%
Битва на Сутени 1103
0%
Сигтунский поход 1118
0%
Правление Юрия Владимировича в Киеве 1155-1157
0%
Правление Андрея Юрьевича вСеверо-восточной Руси 1157-1174
0%
Взятие Киева на щит 1169
0%
Новгородский поход Андрея Юрьевича 1170
0%
Поход Игоря Святославича в степь 1185
0%
Основание Нижнего Новгорода 1221
0%
Правление Ярослава Всеволодовича во Владимире 1238-1246
0%
Бурундаева рать 1258
0%
Раковорская битва 1268
0%
Правление Юрия Даниловича вМоскве 1303-1325
0%
Ахмылова рать, переход ярлыка на великое княжение Дмитрию Грозные Очи 1322
0%
Правление Ивана Даниловича в Москве 1325-1340
0%
1-я битва на Пьяне 1367
0%
Московского-литовская война при Дмитрии Донском 1368-1372
0%
2-я битва на Пьяне 1377
0%
Битва на Воже 1378
0%
Битва на Ворксле 1399
0%
Поход Едигея на Русь 1408
0%
1-е стояние на Угре, вечный мир 1408
0%
Потеря Москвы Василием II 1433
0%
Смерть Юрия ДмитриевичаЗвенигородского 1434
0%
Вечный мир между Казимиром IVи Василием II 1449
0%
Яжелбицкий договор 1453
0%
Присоединение Ярославля 1471
0%
Присоединение Ростова к Москве 1474
0%
Присоединение Новгорода Москве 1478
0%
Пограничная война 1487-1494
0%
Присоединение Вятки 1489
0%
Земский собор, осудившийнестяжателей 1504
0%
Десятилетняя война 1512-1522
0%
Боярское правление при Иване IV 1538-1547
0%
Окончание губной реформы, отменакормлений 1556
0%
Крымский поход Д.Адашев 1559
0%
Битва при Чашниках 1564
0%
Функционирование опричнины 1565-1572
0%
Люблинская уния 1569
0%
Сдача Великих Лук Стефану Баторию 1580
0%
Первое введение заповедных лет 1581
0%
Введение урочных лет 1597
0%
Битва при Добрыничах 1605
0%
Троицкая осада 1608-1610
0%
Выборгский трактат 1609
0%
Калязинская битва 1610
0%
Осада Москвы ополчениями 1611-1612
0%
Разгром восстания атамана Заруцкого 1614
0%
Разгром бандитов атамана Баловня 1615
0%
Разлаживание свадьбы с Хлоповой 1616
0%
Осада Москвы поляками в ходе Смуты 1618
0%
Дело Хлоповой 1623
0%
Смерть патриарха Филарета 1633
0%
Азовское сидение 1637-1642
0%
Правление Алексея Михайловича 1645-1676
0%
Принятие таможенного уставапри Алексее Михайловиче 1652
0%
Денежная медная реформа 1654
0%
Виленское перемирие с Польшей во время Алексея Михайловича 1656
0%
Валиесарское перемирие 1658
0%
Удаление Никона в Новоиерусалимский монастырь 1658
0%
Низвержение патриарха Никонана Вселенском соборе 1666
0%
Смерть царевича АлексеяАлексеевича 1671
0%
Русско-турецкая война, начавшаясяпри Алексее Михайловиче 1672-1681
0%
Ликвидация приказа тайных дел 1676
0%
Упразднение монастырского приказа 1677
0%
Османские Чигиринские походы 1677-1678
0%
Введение подворовогоналогообложения 1679
0%
Учреждение Расправной палаты 1680
0%
Последние поминки в Крым 1685
0%
12 статей царевны Софьи о раскольников 1685
0%
Кожуховские маневры 1694
0%
Дело Цыклера 1697
0%
Открытие школы математических инавигацких наук 1701
0%
Взятие Ниеншанца 1703
0%
Гродненский маневр 1706
0%
Битва при Калише 1706
0%
Восстание Кондратия Булавина 1707-1708
0%
1-я губернская реформа Петра I 1708-1710
0%
Создание первых коллегий 1717-1718
0%
Аландский конгресс 1718-1719
0%
Создание Главного Магистрата 1720
0%
Указ о посессионных крестьянах 1721
0%
Дело П.П. Шафирова 1723
0%
Введение подушной подати 1724
0%
Первое заключение союза с Австрией 1726
0%
Ликвидация Главного магистрата 1727
0%
Присоединение младшего жуза к России 1731
0%
Отмена указа о единонаследии 1731
0%
Война за польское наследство 1733-1735
0%
Гянджинский договор 1735
0%
Указ о присвоении уральскимзаводам их работниках 1736
0%
Битва под Ставучанами 1739
0%
Война, кончившаяся Абоским миром 1741-1743
0%
Открытие первого русского театрав Ярославле 1750
0%
Учреждение первого русского театрав Петербурге Волкова 1750
0%
Отмена внутренних таможенныхпошлин 1753
0%
Учреждение дворянского банка 1754
0%
Дворянская монополия навинокурение 1754
0%
Создание конференции при государевом дворе 1756
0%
Битва при Цорндорфе 1758
0%
Указ о ссылке крестьян на каторгу 1765
0%
Уложенная Комиссия 1767-1768
0%
Война, кончившаяся Кучюк-Кайнарджийским миром 1768-1774
0%
Губернская реформа 1775
0%
Таврический вояж 1787
0%
Сражение у Тендры 1790
0%
2-е Роченсальмское сражение 1790
0%
Сражение при Калиакрии 1791
0%
Арест Н.И. Новикова 1792
0%
Русско-персидская война, кончившаяся Гюлистанким миром 1804-1813
0%
Русско-турецкая война, кончившаяся Бухарестским миром 1806-1812
0%
Битва при Фридланде 1807
0%
Эрфуртский конгресс 1808
0%
Русско-шведская война, кончившаясяФридрихсгамским миром 1808-1809
0%
Второй цензурный устав Николая I 1828
0%
Существование кружкаОгарева-Герцена 1831-1834
0%
Денежная реформа Канкрина 1839-1843
0%
Разгром Кирилло-Мефодиевскогообщества 1847
0%
Дело петрашевцев 1849
0%
Высадка англо-французов вЕвпаторию 1854
0%
Инкерманское сражение 1855
0%
Айгунский договор 1858
0%
Пленение Шамиля в ауле Гуниб 1859
0%
Взятие Ташкента М.Г. Черняевым 1865
0%
Хивинский поход 1873
0%
Продление союза трех императоров 1881
0%
Майские правила, ограничивающие права евреев 1882
0%
Второе продление союза трех императоров 1884
0%
Морозовская стачка 1885
0%
Отмена подушной подати 1886
0%
Голод при Александре III 1891-1892
0%
Винная монополия при Александре III 1894
0%
Создание и разгром союза борьбы 1895
0%
Денежная реформа С.Ю. Витте 1895-1897
0%
Начало строительства КВЖД 1897
0%
Правление Олега 879-912
0%
Первый поход Олега на Царьград 907
0%
Поход Святослава Игоревича на Болгарию 967-968
0%
Правление Ярополка Святославича вКиеве 972-980
0%
1-я битва на Трубеже 992
0%
No matching quizzes found
Score Distribution
Percent of People with Each Score
Percentile by Number Answered
Your Score History
You have not taken this quiz since the last reset